Normal view
MARC view
Entry Personal Name
001 - CONTROL NUMBER
- control field: 693792
003 - CONTROL NUMBER IDENTIFIER
- control field: OSt
005 - DATE AND TIME OF LATEST TRANSACTION
- control field: 20221007075326.0
008 - FIXED-LENGTH DATA ELEMENTS
- fixed length control field: 221007|| aca||aabn | a|a d
040 ## - CATALOGING SOURCE
- Original cataloging agency: OSt
- Transcribing agency: OSt
100 ## - HEADING--PERSONAL NAME
- Personal name: Khare Subhas Chander
670 ## - SOURCE DATA FOUND
- Source citation: Work cat.: (OSt)1155632: Khare Subhas Chander, Law of Force and the United States, 1985
